College organic chemistry (SYBSC) (Record no. 816708)

MARC details
000 -LEADER
fixed length control field 00513nam a2200193Ia 4500
008 - FIXED-LENGTH DATA ELEMENTS--GENERAL INFORMATION
fixed length control field 101110s9999 xx 000 0 und d
041 ## - LANGUAGE CODE
Language code of text/sound track or separate title ENGLISH
082 ## - DEWEY DECIMAL CLASSIFICATION NUMBER
Item number SR24027
100 ## - MAIN ENTRY--PERSONAL NAME
Personal name Rao R. S., Chawathe Vidya., Gadre A. G., Patel
245 ## - TITLE STATEMENT
Title College organic chemistry (SYBSC)
365 ## - TRADE PRICE
Price amount 75
520 ## - SUMMARY, ETC.
Summary, etc Chemistry
546 ## - LANGUAGE NOTE
Language note ENGLISH
630 ## - SUBJECT ADDED ENTRY--UNIFORM TITLE
Uniform title College organic chemistry (SYBSC)
650 ## - SUBJECT ADDED ENTRY--TOPICAL TERM
Topical term or geographic name as entry element Chemistry
655 ## - INDEX TERM--GENRE/FORM
Genre/form data or focus term Chemistry
730 ## - ADDED ENTRY--UNIFORM TITLE
Uniform title College organic chemistry (SYBSC)
942 ## - ADDED ENTRY ELEMENTS (KOHA)
Koha item type Book
Holdings
Withdrawn status Lost status Damaged status Not for loan Home library Current library Shelving location Date acquired Cost, normal purchase price Shelving control number Total Checkouts Barcode Date last seen Price effective from Koha item type
        D. B. J. College, Chiplun D. B. J. College, Chiplun   11/11/2010 75.00     DBJSR24027 11/11/2010 11/11/2010 Book